[Event "SLO-chT1 West"]
[Site "Ljubljana"]
[Date "2012.09.21"]
[Round "1.5"]
[White "Rozman, Mitja"]
[Black "Veljkovic, Bratislav"]
[Result "1-0"]
[WhiteElo "2029"]
[BlackElo "1953"]
[PlyCount "69"]
[EventDate "2012.09.21"]
[EventType "team-tourn"]
[EventRounds "9"]
[EventCountry "SLO"]
[SourceTitle "EXT 2022"]
[Source "ChessBase"]
[SourceDate "2021.10.06"]
[SourceVersion "1"]
[SourceVersionDate "2021.10.06"]
[SourceQuality "1"]
[WhiteTeam "Kranj Tomo Zupan"]
[BlackTeam "Podpec"]
[WhiteTeamCountry "SLO"]
[BlackTeamCountry "SLO"]

1. Nf3 e6 2. g3 f5 3. Bg2 Nf6 4. 0-0 Be7 5. d3 0-0 6. Nbd2 Nc6 7. c3 Kh8 8. b4 Qe8 9. Re1 d6 10. Rb1 Nd5 11. Bb2 Bf6 12. b5 Nd8 13. Qb3 Qg6 14. e4 Ne7 15. e5 dxe5 16. c4 Nf7 17. Nxe5 Nxe5 18. Bxe5 Bxe5 19. Rxe5 f4 20. Ne4 fxg3 21. fxg3 Nf5 22. Rf1 Bd7 23. Nc5 Nd4 24. Qd1 Rxf1+ 25. Qxf1 Qe8 26. Bxb7 Rd8 27. Qf4 Nf5 28. Bd5 Ne7 29. Be4 Ng8 30. Bf5 Bc8 31. Nxe6 Bxe6 32. Rxe6 Qd7 33. Rh6 g5 34. Qe5+ Qg7 35. Rxh7# 1-0

[Event "Ljubljana-chT 64th 1st League"]
[Site "Ljubljana"]
[Date "2011.01.20"]
[Round "2.2"]
[White "Veljkovic, Bratislav"]
[Black "Novakovic, Novica"]
[Result "1/2-1/2"]
[WhiteElo "1953"]
[BlackElo "1655"]
[PlyCount "29"]
[EventDate "2011.01.13"]
[EventType "team-tourn"]
[EventRounds "9"]
[EventCountry "SLO"]
[SourceTitle "EXT 2022"]
[Source "ChessBase"]
[SourceDate "2021.10.06"]
[SourceVersion "1"]
[SourceVersionDate "2021.10.06"]
[SourceQuality "1"]
[WhiteTeam "Komenda Gaber"]
[BlackTeam "Podpec Invec"]
[WhiteTeamCountry "SLO"]
[BlackTeamCountry "SLO"]

1. f4 Nf6 2. Nf3 e6 3. e3 b6 4. Be2 Bb7 5. d3 d5 6. 0-0 Nbd7 7. Qe1 c5 8. Ne5 Qc7 9. Nxd7 Qxd7 10. Nd2 Bd6 11. Qg3 Rg8 12. Qh4 h6 13. Nf3 Qc7 14. c3 0-0-0 15. d4 1/2-1/2

[Event "Ljubljana-chT 63rd 1st League"]
[Site "Ljubljana"]
[Date "2010.01.07"]
[Round "1.2"]
[White "Borisek, Anze"]
[Black "Veljkovic, Bratislav"]
[Result "1/2-1/2"]
[WhiteElo "2016"]
[BlackElo "1952"]
[PlyCount "20"]
[EventDate "2010.01.07"]
[EventType "team-tourn"]
[EventRounds "9"]
[EventCountry "SLO"]
[SourceTitle "EXT 2022"]
[Source "ChessBase"]
[SourceDate "2021.10.06"]
[SourceVersion "1"]
[SourceVersionDate "2021.10.06"]
[SourceQuality "1"]

1. g3 f5 2. Bg2 Nf6 3. c4 e5 4. Nc3 d6 5. d3 c6 6. Bg5 Be7 7. Nf3 0-0 8. 0-0 Be6 9. Rc1 Nbd7 10. b4 a6 1/2-1/2

[Event "SLO-chT2 West"]
[Site "Kranj"]
[Date "2008.10.12"]
[Round "3.2"]
[White "Veljkovic, Bratislav"]
[Black "Kobold, Andrej"]
[Result "1/2-1/2"]
[WhiteElo "1973"]
[BlackElo "1594"]
[PlyCount "72"]
[EventDate "2008.10.11"]
[EventType "team-swiss"]
[EventRounds "9"]
[EventCountry "SLO"]
[SourceTitle "EXT 2010"]
[Source "ChessBase"]
[SourceDate "2010.11.25"]
[SourceVersion "1"]
[SourceVersionDate "2010.11.25"]
[SourceQuality "1"]
[WhiteTeam "Upokojenci Komandant Stane"]
[BlackTeam "Komenda Pogi"]
[WhiteTeamCountry "SLO"]
[BlackTeamCountry "SLO"]

1. f4 d5 2. Nf3 Nf6 3. e3 c5 4. Be2 Nc6 5. 0-0 e6 6. d3 Bd6 7. Qe1 0-0 8. Qg3 Qc7 9. Nbd2 e5 10. fxe5 Nxe5 11. Nxe5 Bxe5 12. Qh4 h6 13. d4 Bd6 14. dxc5 Bxc5 15. Nb3 Be7 16. Qd4 b6 17. Bd2 Bb7 18. Bd3 Nd7 19. Qg4 Ne5 20. Qg3 Bd6 21. Bc3 Ng6 22. Qh3 Ne5 23. Nd4 Bc8 24. Bf5 Nc6 25. Nb5 Qe7 26. Nxd6 Qxd6 27. Rf3 Bxf5 28. Rxf5 Ne7 29. Rh5 Rac8 30. Rd1 Qe6 31. Qg3 Qg6 32. Qf3 Qxc2 33. Rf1 Qe4 34. Qxe4 dxe4 35. Re5 Ng6 36. Rxe4 Rfe8 1/2-1/2

[Event "SLO-chT2 West"]
[Site "Kranj"]
[Date "2008.10.11"]
[Round "2.2"]
[White "Marko, Janez"]
[Black "Veljkovic, Bratislav"]
[Result "0-1"]
[WhiteElo "1852"]
[BlackElo "1973"]
[PlyCount "78"]
[EventDate "2008.10.11"]
[EventType "team-swiss"]
[EventRounds "9"]
[EventCountry "SLO"]
[SourceTitle "EXT 2010"]
[Source "ChessBase"]
[SourceDate "2010.11.25"]
[SourceVersion "1"]
[SourceVersionDate "2010.11.25"]
[SourceQuality "1"]
[WhiteTeam "Stari Mayr Sencur"]
[BlackTeam "Upokojenci Komandant Stane"]
[WhiteTeamCountry "SLO"]
[BlackTeamCountry "SLO"]

1. e4 c5 2. Nf3 d6 3. d4 cxd4 4. Nxd4 Nf6 5. Nc3 a6 6. h3 e5 7. Nb3 Be6 8. Be3 Nbd7 9. g4 h6 10. f4 exf4 11. Bxf4 Qc7 12. Qd2 Be7 13. 0-0-0 Ne5 14. Nd5 Bxd5 15. exd5 Rc8 16. c3 Nfd7 17. Nd4 g5 18. Be3 Nc4 19. Bxc4 Qxc4 20. Nb3 Ne5 21. Qd4 Qxd4 22. Nxd4 Nc4 23. Rde1 Kd7 24. Rhf1 Rcf8 25. b3 Ne5 26. Kc2 h5 27. Rf5 hxg4 28. hxg4 f6 29. Rg1 Rh2+ 30. Kb1 Rfh8 31. Nf3 Re2 32. Nxe5+ dxe5 33. Bc1 Rhh2 34. a3 b5 35. b4 Kd6 36. a4 Kxd5 37. axb5 axb5 38. Rd1+ Kc4 39. Rd7 Rh8 0-1

[Event "SLO-chT2 West"]
[Site "Kranj"]
[Date "2008.10.11"]
[Round "1.2"]
[White "Veljkovic, Bratislav"]
[Black "Nedimovic, Ljubisa"]
[Result "0-1"]
[WhiteElo "1973"]
[BlackElo "2236"]
[PlyCount "62"]
[EventDate "2008.10.11"]
[EventType "team-swiss"]
[EventRounds "9"]
[EventCountry "SLO"]
[SourceTitle "EXT 2010"]
[Source "ChessBase"]
[SourceDate "2010.11.25"]
[SourceVersion "1"]
[SourceVersionDate "2010.11.25"]
[SourceQuality "1"]
[WhiteTeam "Upokojenci Komandant Stane"]
[BlackTeam "Sezana"]
[WhiteTeamCountry "SLO"]
[BlackTeamCountry "SLO"]

1. f4 g6 2. Nf3 Bg7 3. d4 d5 4. e3 Bg4 5. Bd3 e6 6. Nbd2 Nf6 7. h3 Bxf3 8. Qxf3 0-0 9. c3 c5 10. 0-0 Nc6 11. Re1 cxd4 12. exd4 Rb8 13. Nf1 b5 14. g4 b4 15. Ng3 bxc3 16. bxc3 Qa5 17. Ne2 Nd7 18. Kf1 Nb6 19. a4 Rfc8 20. Ba3 Nc4 21. Bxc4 dxc4 22. Bc5 Rb3 23. f5 exf5 24. gxf5 Ne5 25. dxe5 Rxc5 26. f6 Bf8 27. Qa8 Rxe5 28. Nd4 Rxc3 29. Nb5 Rf5+ 30. Kg2 Rc2+ 31. Kh1 Qd2 0-1

[Event "SLO-chT"]
[Site "Bled"]
[Date "2005.11.12"]
[Round "7"]
[White "Kersic, Matej"]
[Black "Veljkovic, Bratislav"]
[Result "0-1"]
[WhiteElo "2119"]
[BlackElo "1893"]
[PlyCount "106"]
[EventDate "2005.11.03"]
[EventType "team"]
[EventRounds "9"]
[EventCountry "SLO"]
[SourceTitle "CBM 109 Extra"]
[Source "ChessBase"]
[SourceDate "2006.01.03"]
[SourceVersion "2"]
[SourceVersionDate "2006.01.03"]
[SourceQuality "1"]

1. e4 c5 2. Nf3 d6 3. d4 cxd4 4. Nxd4 Nf6 5. Nc3 g6 6. f3 Nc6 7. Be3 Bg7 8. Qd2 0-0 9. Nxc6 bxc6 10. Bc4 Qa5 11. 0-0 Rd8 12. Rfd1 Ne8 13. Rab1 Be6 14. Bxe6 fxe6 15. b4 Qa6 16. Qe2 Qxe2 17. Nxe2 Rdc8 18. c4 a6 19. a4 Kf7 20. Kf2 Rab8 21. a5 Nc7 22. Bb6 Na8 23. c5 d5 24. f4 Nc7 25. Bxc7 Rxc7 26. e5 Rcb7 27. Rd4 Ke8 28. Ke3 Kd7 29. h4 h5 30. g3 Kc7 31. Kd3 Rf8 32. Kc3 Rfb8 33. Rd3 Rb5 34. Rdd1 Kd7 35. Rb2 Rf8 36. Rg1 Rbb8 37. Rd2 Rf7 38. Rd4 Rbf8 39. Kd3 Rb8 40. g4 Bh6 41. Ke3 Rbf8 42. gxh5 gxh5 43. Rg6 Rh8 44. Rd1 Rf5 45. Kf3 Rh7 46. Rdg1 Bxf4 47. Nxf4 Rhf7 48. R1g5 Rxf4+ 49. Ke3 Re4+ 50. Kd3 Rf3+ 51. Kd2 Rxh4 52. Rh6 Rh2+ 53. Ke1 Rb3 0-1

[Event "SLO-chT"]
[Site "Bled"]
[Date "2005.11.05"]
[Round "3"]
[White "Kutuzovic, Branko"]
[Black "Veljkovic, Bratislav"]
[Result "1/2-1/2"]
[WhiteElo "2327"]
[BlackElo "1893"]
[PlyCount "37"]
[EventDate "2005.11.03"]
[EventType "team"]
[EventRounds "9"]
[EventCountry "SLO"]
[SourceTitle "CBM 109 Extra"]
[Source "ChessBase"]
[SourceDate "2006.01.03"]
[SourceVersion "2"]
[SourceVersionDate "2006.01.03"]
[SourceQuality "1"]

1. e4 c5 2. Nf3 d6 3. d4 cxd4 4. Nxd4 Nf6 5. Nc3 g6 6. Be3 Bg7 7. f3 Nc6 8. Qd2 0-0 9. 0-0-0 Nxd4 10. Bxd4 Be6 11. Kb1 Rc8 12. g4 a6 13. h4 h5 14. g5 Nd7 15. Bxg7 Kxg7 16. Nd5 Bxd5 17. exd5 Qb6 18. Bh3 Rc7 19. Bxd7 1/2-1/2

[Event "SLO-chT"]
[Site "Bled"]
[Date "2005.11.04"]
[Round "2"]
[White "Rakovec, Anton"]
[Black "Veljkovic, Bratislav"]
[Result "1/2-1/2"]
[WhiteElo "2016"]
[BlackElo "1893"]
[PlyCount "68"]
[EventDate "2005.11.03"]
[EventType "team"]
[EventRounds "9"]
[EventCountry "SLO"]
[SourceTitle "CBM 109 Extra"]
[Source "ChessBase"]
[SourceDate "2006.01.03"]
[SourceVersion "2"]
[SourceVersionDate "2006.01.03"]
[SourceQuality "1"]

1. e4 c5 2. Nf3 d6 3. d4 cxd4 4. Nxd4 Nf6 5. Nc3 g6 6. Be2 Nc6 7. Nb3 Bg7 8. 0-0 0-0 9. Kh1 Be6 10. Bg5 Rc8 11. f4 Qd7 12. Bf3 b5 13. Nd5 Ne8 14. c3 f6 15. Bh4 Bh6 16. Be2 Rb8 17. Nd4 Bxd5 18. exd5 Nxd4 19. Qxd4 f5 20. Rae1 Bg7 21. Qe3 Nf6 22. Bf3 Rf7 23. h3 h5 24. Rc1 Rc8 25. b3 Rc5 26. c4 bxc4 27. bxc4 Rf8 28. Rfe1 Kf7 29. Qb3 Rfc8 30. Bf2 Ra5 31. Re2 Qa4 32. Qb7 Qd7 33. Qb3 Qa4 34. Qb7 Qd7 1/2-1/2

[Event "Ljubljana op 14th"]
[Site "Ljubljana"]
[Date "2003.06.21"]
[Round "1"]
[White "Borisek, Jure"]
[Black "Veljkovic, Bratislav"]
[Result "1-0"]
[WhiteElo "2422"]
[BlackElo "2020"]
[PlyCount "83"]
[EventDate "2003.06.21"]
[EventType "swiss"]
[EventRounds "9"]
[EventCountry "SLO"]
[SourceTitle "EXT 2004"]
[Source "ChessBase"]
[SourceDate "2003.11.25"]
[SourceVersion "1"]
[SourceVersionDate "2003.11.25"]
[SourceQuality "1"]

1. e4 e5 2. Nf3 d6 3. d4 Qe7 4. Nc3 c6 5. Bc4 g6 6. 0-0 Nh6 7. Re1 f6 8. a4 Nd7 9. b3 Nb6 10. Bf1 Bg4 11. Ba3 Rd8 12. h3 Bxf3 13. Qxf3 Nf7 14. Rad1 Bh6 15. b4 0-0 16. d5 f5 17. dxc6 Ng5 18. Qd3 bxc6 19. exf5 gxf5 20. a5 Nc8 21. Qc4+ Kh8 22. Qxc6 Qg7 23. Kh1 Ne7 24. Qa6 Nxh3 25. Re2 Bf4 26. g3 Nxf2+ 27. Rxf2 Qxg3 28. Rxf4 Qxf4 29. Qe2 Rf6 30. Rd3 Rg8 31. Qf3 Qg5 32. Qf2 f4 33. Rh3 d5 34. Bb2 Nf5 35. Nxd5 Re6 36. Nxf4 Re7 37. Bd3 Qg4 38. Ng6+ Rxg6 39. Bxf5 Qd1+ 40. Kh2 Rf6 41. Bxe5 Kg8 42. Rxh7 1-0